Ondřej Hejl : architektura : výstava papírových modelů /

Hlavní autor: Hejl, Ondřej
Korporativní autor: Muzeum papírových modelů (Police nad Metují, Česko)
Další autoři: Erben, Michal, Frydrych, Pavel, 1977-, Konopka, Miroslav
Jazyk: Čeština
Vydáno: Police nad Metují : město Police nad Metují :Muzeum papírových modelů, 2021
Témata:
Fyzický popis: 36 nečíslovaných stran : barevné ilustrace, faksimile ; 21 cm + 2 nečíslované listy vystřihovánek
Knihy
Uloženo v:
LEADER 02245nam a2200517 i 4500
001 nkc20223393554
003 CZ PrNK
005 20260408140114.0
007 ta
008 220128s2021 xr ah e 000 0 cze
020 |a 978-80-907590-4-6  |q (v knize neuvedeno ;  |q brožováno)  |z 978-80-907590-1-5 
040 |a BOA001  |b cze  |d ABA001  |e rda 
043 |a e-xr--- 
045 |a x-y- 
072 7 |a 67/68  |x Řemesla. Různá odvětví průmyslu  |2 Konspekt  |9 19 
080 |a [689:7.021.23]-035.4  |2 MRF 
080 |a 72:904  |2 MRF 
080 |a (437.3)  |2 MRF 
080 |a (083.824)  |2 MRF 
100 1 |a Hejl, Ondřej  |7 mzk2010474028  |4 art 
245 1 0 |a Ondřej Hejl :  |b architektura : výstava papírových modelů /  |c autoři textů: Michal Erben, Pavel Frydrych a Miroslav Konopka 
246 3 |a Ondřej Hejl - Architektura 
246 3 0 |a Architektura 
264 1 |a Police nad Metují :  |b město Police nad Metují :  |b Muzeum papírových modelů,  |c 2021 
300 |a 36 nečíslovaných stran :  |b barevné ilustrace, faksimile ;  |c 21 cm +  |e 2 nečíslované listy vystřihovánek 
336 |a text  |b txt  |2 rdacontent 
337 |a bez média  |b n  |2 rdamedia 
338 |a svazek  |b nc  |2 rdacarrier 
500 |a Vydáno při příležitosti výstavy "Ondřej Hejl: Architektura", Muzeum papírových modelů, Police nad Metují, 19.6.-30.9.2021 
500 |a Listy s vystřihovánkami všity doprostřed publikace 
648 7 |a 20.-21. století  |7 ch462155  |2 czenas 
650 0 7 |a papírové modely  |7 ph989505  |z Česko  |y 20.-21. století  |2 czenas 
650 0 7 |a architektonické památky  |7 ph118585  |2 czenas 
650 0 9 |a paper models  |z Czechia  |y 20th-21st centuries  |2 eczenas 
650 0 9 |a architectural monuments  |2 eczenas 
655 7 |a katalogy výstav  |7 fd132536  |2 czenas 
655 9 |a exhibition catalogs  |2 eczenas 
700 1 |a Erben, Michal  |7 ola2018987347  |4 aut 
700 1 |a Frydrych, Pavel,  |d 1977-  |7 jx20110127009  |4 aut 
700 1 |a Konopka, Miroslav  |4 aut 
710 2 |a Muzeum papírových modelů (Police nad Metují, Česko)  |7 ko2017943773  |4 orm  |4 isb 
910 2 |a BOA001  |b 2-1482.757 
990 |a BK 
995 |a 11 
991 |b 202204  |c NOV 
996 6 |b 2610895897  |c 2-1482.757  |l MZK  |r Sklad / do 1 hodiny  |n 0  |p p.v.  |w 001879271  |u 000010  |a 1  |e BOA001  |j MZK50  |s P